| 000 | 00368nam a22001217a 4500 | ||
|---|---|---|---|
| 082 | _a220 PRO | ||
| 100 |
_aGC AHMAD AZMAT GC JUNAID KHAN NC ALI HASNAIN _970561 |
||
| 245 | _aPR-SOF-1800-DESIGN EVALUATION OF SLAT ARMOR | ||
| 260 |
_aISLAMABAD _bNUST COLLEGE OF EME _c2019 |
||
| 650 |
_aDE-MECH-37 _970562 |
||
| 700 |
_aSUPERVISOR DR RAJA AMIR AZIM _970563 |
||
| 942 | _cCR | ||
| 999 |
_c577535 _d577535 |
||